Classement perpétuel de la Premier League - Statistiques

Statistiques générales
  • Ce quiz a été pris 596 fois
  • Le résultat moyen est 14 sur 20
Statistiques - réponses
Top Nb Matchs Nb Points Club % Correct
6 993 1.702 Manchester City
100%
1 1.183 2.426 Manchester United
99%
3 1.184 2.177 Chelsea FC
98%
2 1.185 2.216 FC Arsenal
98%
4 1.184 2.162 FC Liverpool
98%
5 1.185 1.841 Tottenham Hotspur
93%
9 1.071 1.412 Aston Villa
83%
7 1.185 1.602 FC Everton
80%
8 1.066 1.472 Newcastle United
80%
10 1.029 1.292 West Ham United
79%
14 645 816 Leicester City
73%
13 577 819 Leeds United
69%
11 919 1.087 FC Southampton
63%
18 536 604 Crystal Palace
58%
15 602 685 FC Fulham
51%
17 608 618 AFC Sunderland
48%
12 696 970 Blackburn Rovers
35%
20 494 490 West Bromwich Albion
22%
19 494 575 Bolton Wanderers
20%
16 574 661 Middlesbrough FC
13%
Aucun quiz correspondant
Distribution des résultats
% des personnes avec chaque résultat
Percentile par nombre de réponses
Votre historique - résultats
Vous n’avez pas pris ce quiz